Responses for Show #6192 - Tuesday, July 12, 2011

Contestants

[<< previous game]

Judy Neuwirth, a paralegal from Miami Beach, Florida

Ian Leggin, a software trainer originally from Kenosha, Wisconsin

Damian Yu, an executive compensation consultant originally from West Vancouver, Canada (whose 1-day cash winnings total $9,999)

[next game >>]

Jeopardy! Round responses

WORLD HISTORY
MY FAVORITE THINGS
(Alex: That's the song from The Sound of Music. I hope you remember it.)
NATIONAL FOREST STATES
HUNTER S. THOMPSON
FEAR
& "LOW" THING
    $200 1
Rome

Judy
    $200 24
kittens

Ian
    $200 11
Indiana

Damian
    $200 16
the Hell's Angels

Judy
    $200 17
fear of high places

Judy
    $200 5
lower case

Damian
    $400 2
(Ian: What is Bavaria?)

Prussia

DamianIan
    $400 25
mittens

Judy
    $400 12
Alabama

Damian
    $400 22
Sports Illustrated

Judy
    $400 18
blood

Ian
    $400 6
gallows

Ian
    $600 3
Tahrir Square

Judy
    $600 26
snowflakes

Judy
    $600 13
Colorado

Ian
    $600 23
Nixon & McGovern

Ian
    $600 19
fish

Ian
    $600 7
(Damian: What's yellowfin tuna?)

yellowtail

Damian
Triple Stumper
    $800 4
(Judy: What is a kangaroo court?)

show trials

Judy
Triple Stumper
    $800 27
dresses

Judy
    $800 14
Arizona

Judy
    $800 29
gonzo

Damian
    $800 20
religion

Damian
    $800 8
a flowchart

Ian
    $1000 10
the British East India Company

Damian
    $1000 28
apple strudels

Ian
    $1000 15
Washington

Damian
    $1000 30
Rolling Stone

Ian
    $500 21
(Damian: Comfort?)

work

Damian
    $1000 9
lowland gorillas

Damian

Scores at the first commercial break (after clue 15):

Damian Ian Judy
$3,600 $1,400 $800

Scores at the end of the Jeopardy! Round:

Damian Ian Judy
$4,700 $5,200 $3,400

Double Jeopardy! Round responses

PHILOSOPHY
WHO PLAYED 'EM?
SWEET SPOTS
THE TRAVELS OF MARCO POLO
ANIMAL PADS
SMALL WORDS
    $400 7
nothing

Ian
    $400 2
Robert Downey, Jr.

Ian
    $400 26
(Judy: What is the boardwalk?)
(Ian: What's Santa Monica Pier?)

the Queen Mary

IanJudy
Triple Stumper
    $400 21
the Gobi

Ian
    $400 1
eagle

Damian
    $400 9
petite

Ian
    $800 8
a brain

Ian
    $800 3
Johnny Depp

Damian
    $800 27
(Ian: What are sweet rolls?)

pralines

IanJudy
    $2,000 22
(Ian: What is the Khyber Pass?)

the Silk Road

Ian
    $800 15
rabbits

Judy
    $800 10
wee

Judy
    $1200 12
kill himself

Triple Stumper
    $1200 4
Tom Hanks

Ian
    $1200 28
Key lime

Damian
    $1200 23
(Judy: What is Gibraltar?)
(Damian: What's Messina?)

Hormuz

DamianJudy
Triple Stumper
    $1200 16
a wasp

Judy
    $1200 11
bantam

Damian
    $1600 13
a cloud

Triple Stumper
    $1600 5
Cate Blanchett

Damian
    $1600 29
whoopee pies

Ian
    $1600 24
rhinoceros

Triple Stumper
    $1600 17
squirrels

Triple Stumper
    $1,200 18
(Judy: What is mean?)

lilliputian

Judy
    $2000 14
immanent

Judy
    $2000 6
(Judy: Emma Thompson?)

Emily Blunt

DamianJudy
    $2000 30
salt water taffy

Judy
    $2000 25
(Alex: Burma at that time.)

Myanmar

Damian
    $2000 20
(Judy: What is a sheep?)

cows

Judy
Triple Stumper
    $2000 19
diminutive

Judy

Scores at the end of the Double Jeopardy! Round:

Damian Ian Judy
$12,700 $7,200 $6,200

[wagering suggestions for these scores]

Final Jeopardy! Round responses

COMIC BOOK HISTORY
JudyWhat is the Green Lantern?
$5,800
IanWhat is Captain America?
$5,201
DamianWhat is Captain America?
$1,701
Captain America

Final scores:

Damian Ian Judy
$14,401 $12,401 $400
2-day champion: $24,400 2nd place: $2,000 3rd place: $1,000

Game dynamics:

Coryat scores:

Damian Ian Judy
$13,200 $9,200 $7,400
16 R,
3 W
(including 1 DD)
16 R,
4 W
(including 1 DD)
16 R,
6 W
(including 1 DD)

Combined Coryat: $29,800

[game clues] [game scores] [suggest correction]

Game tape date: 2011-03-08
The J! Archive is created by fans, for fans. Scraping, republication, monetization, and malicious use prohibited; this site may use cookies and collect identifying information. See terms. The Jeopardy! game show and all elements thereof, including but not limited to copyright and trademark thereto, are the property of Jeopardy Productions, Inc. and are protected under law. This website is not affiliated with, sponsored by, or operated by Jeopardy Productions, Inc. Join the discussion at JBoard.tv.